Una estrategia para la superación de la pobreza en América Latina.

Ciele a komponenty stratégie na prekonanie chudoby v Latinskej Amerike. Podrobný výklad siedmich komponentov tejto stratégie. Sociálna politika v tejto oblasti a jej charakter. Dimenzie podstaty stratégie na prekonanie chudoby. Vzájomné vzťahy a pôsobenie uvedených siedmich faktorov stratégie.

Salvato in:
Dettagli Bibliografici
Natura: Capitolo di libro
Lingua:spagnolo
Soggetti:
Tags: Aggiungi Tag
Nessun Tag, puoi essere il primo ad aggiungerne!!

MARC

LEADER 00000naa a2200000 4500
001 r009448
005 20221208122405.7
041 0 |a spa 
044 |a MX 
245 1 0 |a Una estrategia para la superación de la pobreza en América Latina. 
520 |a Ciele a komponenty stratégie na prekonanie chudoby v Latinskej Amerike. Podrobný výklad siedmich komponentov tejto stratégie. Sociálna politika v tejto oblasti a jej charakter. Dimenzie podstaty stratégie na prekonanie chudoby. Vzájomné vzťahy a pôsobenie uvedených siedmich faktorov stratégie. 
610 2 0 |a stratégia hospodárska 
610 2 0 |a politika sociálna 
610 2 0 |a Latinská Amerika 
610 2 0 |a chudoba 
610 2 0 |a programy sociálne 
610 2 0 |a rozvoj sociálno-ekonomický